|
|
|
|
| LEADER |
00662nam a2200181 a 4500 |
| 001 |
000587091 |
| 003 |
CZ BrMZK |
| 005 |
20020213111406.0 |
| 008 |
020213s1928 xr f cze d |
| 040 |
|
|
|a BOA001
|b cze
|c BOA001
|
| 100 |
1 |
|
|a Krejčí, Josef,
|d 1844-1929
|7 jk01063213
|4 aut
|
| 245 |
1 |
0 |
|a Krejčího Zeměpis pro školy občanské.
|n [sv. 4],
|p 4. stupeň pro pokračovací kursy /
|c Josef Krejčí ; nově podle osnov z r. 1919 zpracoval Josef Horčička
|
| 246 |
3 |
0 |
|a 4. stupeň pro pokračovací kursy
|
| 260 |
|
|
|a Praha :
|b Unie,
|c 1928
|
| 300 |
|
|
|a 122 s.
|
| 700 |
1 |
|
|a Horčička, Josef,
|d 1870-1939
|7 jk01042166
|4 aut
|
| 910 |
|
|
|a BOA001
|b PK-II-0010.127,4
|
| 990 |
|
|
|a BK
|